Top 'R' Girls' Names (US 1916) Quiz Stats

 Plays Quiz not verified by Sporcle

Also try: Laughing Stocks
Challenge
Share
Tweet
Embed
Score 0/50 Timer 08:00
0 Plays Today
Rank Name % Correct
15Rose
95.6%
120Rosa
93%
5Ruth
91.9%
947Ruthe
91.9%
153Rachel
90.4%
516Rachael
90.4%
181Rosie
87%
169Rebecca
84.7%
23Ruby
84.3%
406Rubye
84.3%
625Rubie
84.3%
67Rita
84.1%
548Reta
84.1%
155Roberta
77.6%
614Robert
71.3%
184Rosemary
70.2%
450Rae
66.8%
585Ray
66.8%
556Ruthie
65.6%
194Regina
65.3%
255Rena
64%
308Rhoda
60.4%
774Renee
59.9%
549Roslyn
58.5%
674Rosalyn
58.5%
Rank Name % Correct
823Roselyn
58.5%
374Ramona
58.4%
216Rosalie
57.3%
241Reba
57.3%
683Rosalee
57.3%
463Rosalind
56.4%
717Rosanna
52.7%
730Rosemarie
46.8%
376Roxie
43.4%
430Robbie
43.3%
510Rowena
43.1%
532Roma
38.7%
333Rosetta
35.4%
375Reva
34.8%
498Rhea
29.3%
885Rosaline
26.4%
658Rosina
22.7%
307Rosella
19.6%
937Rozella
19.6%
786Rosalia
17.8%
646Rosamond
12.7%
975Rosaria
12.7%
518Retha
8%
855Rosia
6.8%
963Ressie
5.6%

You're not logged in!

Compare scores with friends on all Sporcle quizzes.
Join for Free
OR
Log In

You Might Also Like...

Show Comments

Extras

Top Quizzes Today


Score Distribution

Your Account Isn't Verified!

In order to create a playlist on Sporcle, you need to verify the email address you used during registration. Go to your Sporcle Settings to finish the process.

Report this User

Report this user for behavior that violates our Community Guidelines.

Details: